Responses for Show #1294 - Thursday, March 29, 1990

Andrew Bernknopf game 5.

Contestants

Myles Rossi, a legal text editor from San Francisco, California

Ardwight Chamberlain, a writer originally from San Mateo, California

Andrew Bernknopf, a lawyer originally from Pittsburgh, Pennsylvania (whose 4-day cash winnings total $25,000)

[next game >>]

Jeopardy! Round responses

18TH CENTURY AMERICA
CELEBRITIES
MONEY
FOOD
SING-ALONG SONGS
FILE UNDER "T"
    $100 6
Vermont

Andrew
    $100 13
Oprah Winfrey

Andrew
    $100 1
Nickel

Andrew
    $100 23
(minute to go in the round...)

Butter

Ardwight
    $100 3
Fun

Ardwight
    $100 18
Teapot

Ardwight
    $200 9
Tories/Loyalists

Andrew
    $200 14
Mary Shelley

Andrew
    $200 2
Savings & Loans

Myles
    $200 24
Hush Puppies

Andrew
    $200 5
Smiles with you

Ardwight
    $200 19
Tonto National Monument

Triple Stumper
    $300 10
Phi Beta Kappa

Andrew
    $300 15
Jackie Collins

Andrew
    $300 4
(Ardwight: What is...?)

Prime Rate

ArdwightMyles
    $300 25
Mint

Myles
    $300 26
(Ardwight: What is this old dog?)

This old man

AndrewArdwight
    $300 22
Tom-Tom

Andrew
    $500 11
(Andrew: What is 1802?)
(Alex: He was referring to the fact that the French were so busy with their French Revolution that they would have to look internally, rather than externally)

1789

Andrew
    $400 16
Austria

Ardwight
    $400 7
Federal Reserve Bank

Andrew
    $400 27
Black

Ardwight
    $400 28
(Myles: What is the girl with the strawberry hair?)
[The end-of-round signal sounds.]

the Strawberry Blonde

Myles
Triple Stumper
    $400 21
Tropic of Cancer

Andrew
    $500 12
Shakers

Andrew
    $500 17
"Lifestyles of the Rich & Famous"

Ardwight
    $500 8
Signing of the Declaration of Independence

Ardwight
    $500 20
Tierra Del Fuego

Ardwight

Scores at the first commercial break (after clue 14):

Andrew Ardwight Myles
$1,400 $500 $500

Scores at the end of the Jeopardy! Round:

Andrew Ardwight Myles
$2,900 $2,200 $400

Double Jeopardy! Round responses

ENGLISH LIT
BIRDS
INDIANA
GARDENING
NOTORIOUS
MARLON BRANDO
    $200 7
"David Copperfield"

Ardwight
    $200 21
Pheasant

Triple Stumper
    $200 6
(Ardwight: What are lakes?)

Forests/Trees

AndrewArdwight
    $200 23
Peat Moss

Andrew
    $200 13
Ivan The Terrible

Andrew
    $200 5
Boxing

Myles
    $400 8
D.H. Lawrence

Myles
    $1,000 22
(Alex: And we want to thank Rosemary Lowe for allowing us to use that photo from The Complete Book of Parrots.)

cockatoos

Ardwight
    $400 12
Steel

Andrew
    $400 26
(Ardwight: What is mulch?)

Compost

ArdwightMyles
    $400 14
Alcatraz

Ardwight
    $400 1
(Andrew: Who is Cecil B. DeMille?)

Charles Chaplin

AndrewMyles
    $600 15
"The Rape of the Lock"

Andrew
    $600 24
(less than a minute to go, Andrew...)

Preening

Triple Stumper
    $600 9
(Andrew: What is Indianapolis?)

South Bend

Andrew
Triple Stumper
    $600 27
Terrarium

Andrew
    $600 16
(Andrew: Who is Montezuma?)

Hernando Cortez

AndrewArdwight
    $600 2
"The Godfather"

Andrew
    $800 17
Samuel Butler

Ardwight
    $800 25
(Ardwight: What are vultures?)

Pelicans

Ardwight
Triple Stumper
    $800 10
Abraham Lincoln

Triple Stumper
    $800 19
Bonnie Parker & Clyde Barrow

Myles
    $800 3
Stanley Kowalski ("A Streetcar Named Desire")

Ardwight
    $1000 18
Lord Byron

Andrew
    $1000 28
(Ardwight: What is an ostrich?)
[The end-of-round signal sounds.]

a goose

AndrewArdwight
    $1000 11
(Alex: Myles, want to finish it off? - we'll see how the people of Indiana feel after we deal with this)

James Whitcomb Riley

Triple Stumper
    $1000 20
Tonton Macoute

Ardwight
    $1000 4
"Guys And Dolls"

Andrew

Scores at the end of the Double Jeopardy! Round:

Andrew Ardwight Myles
$7,100 $4,600 $2,600

[wagering suggestions for these scores]

Final Jeopardy! Round responses

COLLEGES & UNIVERSITIES
[Andrew's final 5-day total is $34,200, & a berth in next season's Tournament of Champions.]
MylesWhat is New York?
$2,500
ArdwightWhat is Massachusetts?
$4,489
AndrewWhat is New York?
$2,100
New York (Columbia, in NYC & Cornell, in Ithaca)

Final scores:

Andrew Ardwight Myles
$9,200 $111 $5,100
5-day champion: $34,200 3rd place: Sears Curio Cabinet 2nd place: Trip to Las Vegas

Game dynamics:

Coryat scores:

Andrew Ardwight Myles
$7,600 $4,000 $2,600
23 R,
4 W
(including 1 DD)
16 R
(including 1 DD),
6 W
8 R,
1 W

Combined Coryat: $14,200

[game clues] [game scores] [suggest correction]

Game tape date: 1989-11-07
The J! Archive is created by fans, for fans. Scraping, republication, monetization, and malicious use prohibited; this site may use cookies and collect identifying information. See terms. The Jeopardy! game show and all elements thereof, including but not limited to copyright and trademark thereto, are the property of Jeopardy Productions, Inc. and are protected under law. This website is not affiliated with, sponsored by, or operated by Jeopardy Productions, Inc. Join the discussion at JBoard.tv.